000 00747nam a2200253Ia 4500
003 OSt
005 20220928125012.0
006 a|||||r|||| 00| 0
007 ta
008 220927b |||||||| |||| 00| 0 eng d
020 _c450
024 _a127992
037 _b182, 15/12/2015, Classic Book Service
_cTextual
040 _aSDCL
_cSDCL
_beng
041 _2eng
_aeng
082 _aD6,8(B),25, P5;1-2
100 _aChattopadhyay Santanu
_9467518
245 0 _aCompiler design
260 _aDelhi
_bPHI Learning Private Limited
_c2015
300 _axvi;225p.
_ccm.
650 _aI I C
942 _hD6,8(B),25, P5;1-2
_cTEXL
_2CC
999 _c780380
_d780380